[Event "Avoine op 33rd"]
[Site "Avoine"]
[Date "2018.07.25"]
[Round "5"]
[White "Eugene, Floryan"]
[Black "Gattuso, Christophe"]
[Result "1-0"]
[WhiteElo "2332"]
[BlackElo "1880"]
[PlyCount "77"]
[EventDate "2018.07.21"]
[EventType "swiss"]
[EventRounds "9"]
[EventCountry "FRA"]
[SourceTitle "CBM 185 Extra"]
[Source "ChessBase"]
[SourceDate "2018.07.29"]
[SourceVersion "1"]
[SourceVersionDate "2018.07.29"]
[SourceQuality "1"]

1. e4 c5 2. Nf3 Nc6 3. Bb5 Qb6 4. Nc3 e6 5. Bxc6 Qxc6 6. 0-0 b5 7. d3 d6 8. Qe2 b4 9. Nd5 Be7 10. Nxe7 Nxe7 11. Bg5 e5 12. Bxe7 Kxe7 13. Nd2 h5 14. f4 a5 15. Qf2 exf4 16. Qxf4 Be6 17. Nf3 Raf8 18. Qg5+ Ke8 19. Nh4 Qd7 20. Qxg7 Rhg8 21. Qf6 Rg4 22. Rf4 Qe7 23. Qxe7+ Kxe7 24. Rxg4 Bxg4 25. a3 Rb8 26. axb4 axb4 27. Kf2 Rb6 28. Ke3 Be6 29. Nf3 Kf6 30. Kf4 d5 31. Ra5 dxe4 32. dxe4 Rc6 33. Ne5 Rc7 34. Nd3 b3 35. cxb3 Bxb3 36. Rxc5 Rd7 37. Ke3 h4 38. Rf5+ Kg6 39. Ne5+ 1-0

[Event "Avoine op 32nd"]
[Site "Avoine"]
[Date "2017.07.28"]
[Round "7"]
[White "Gattuso, Christophe"]
[Black "Mevel, Alberic"]
[Result "1/2-1/2"]
[WhiteElo "1888"]
[BlackElo "2189"]
[PlyCount "49"]
[EventDate "2017.07.22"]
[EventType "swiss"]
[EventRounds "9"]
[EventCountry "FRA"]
[SourceTitle "CBM 179 Extra"]
[Source "ChessBase"]
[SourceDate "2017.08.23"]
[SourceVersion "1"]
[SourceVersionDate "2017.08.23"]
[SourceQuality "1"]

1. e4 e5 2. Nf3 Nc6 3. Bc4 Bc5 4. c3 Nf6 5. d3 d6 6. 0-0 a6 7. Bb3 h6 8. h3 0-0 9. Re1 Be6 10. Bc2 d5 11. exd5 Qxd5 12. Be3 Bxe3 13. Rxe3 Qd6 14. Nbd2 Nd5 15. Re1 Nf4 16. Ne4 Qe7 17. Qd2 g5 18. Qe3 f5 19. Ng3 Nxg2 20. Kxg2 Bd5 21. Bb3 Bxb3 22. axb3 f4 23. Qe4 fxg3 24. fxg3 Rae8 25. Qg6+ 1/2-1/2

[Event "Avoine op 32nd"]
[Site "Avoine"]
[Date "2017.07.27"]
[Round "6"]
[White "Ravot, Sylvain"]
[Black "Gattuso, Christophe"]
[Result "1-0"]
[WhiteElo "2241"]
[BlackElo "1888"]
[PlyCount "41"]
[EventDate "2017.07.22"]
[EventType "swiss"]
[EventRounds "9"]
[EventCountry "FRA"]
[SourceTitle "CBM 179 Extra"]
[Source "ChessBase"]
[SourceDate "2017.08.23"]
[SourceVersion "1"]
[SourceVersionDate "2017.08.23"]
[SourceQuality "1"]

1. e4 c5 2. Nf3 Nc6 3. d4 cxd4 4. Nxd4 Nf6 5. Nc3 e5 6. Nde2 d5 7. exd5 Nb4 8. Bg5 Bf5 9. Rc1 Bc5 10. Ng3 Qb6 11. Nxf5 Bxf2+ 12. Ke2 Ng4 13. Qd2 g6 14. Be3 Nxe3 15. Nxe3 Bh4 16. Nc4 Qc5 17. b3 0-0-0 18. Qe3 Qe7 19. Qxa7 Qf6 20. Nb6+ Kc7 21. Nb5# 1-0

[Event "Avoine op 31st"]
[Site "Avoine"]
[Date "2016.07.24"]
[Round "2"]
[White "Gattuso, Christophe"]
[Black "Smith, Matthieu"]
[Result "1-0"]
[WhiteElo "1904"]
[BlackElo "2129"]
[PlyCount "239"]
[EventDate "2016.07.23"]
[EventType "swiss"]
[EventRounds "9"]
[EventCountry "FRA"]
[SourceTitle "CBM 173 Extra"]
[Source "ChessBase"]
[SourceDate "2016.08.29"]
[SourceVersion "1"]
[SourceVersionDate "2016.08.29"]
[SourceQuality "1"]

1. e4 c5 2. c3 d5 3. exd5 Qxd5 4. d4 Nc6 5. Nf3 Nf6 6. dxc5 Qxc5 7. Be3 Qd5 8. Na3 e6 9. Nb5 Qxd1+ 10. Rxd1 Nd5 11. Rxd5 exd5 12. Nc7+ Kd8 13. Nxa8 Bd6 14. Bb5 Be6 15. Bxc6 bxc6 16. Bxa7 Kd7 17. Nb6+ Kc7 18. Na4 Ra8 19. Bb6+ Kb7 20. Bc5 Rxa4 21. Bxd6 Rxa2 22. 0-0 Rxb2 23. Nd4 Kb6 24. f4 Bd7 25. Rc1 c5 26. Nf3 Bf5 27. Bf8 g6 28. Bg7 Be4 29. Re1 f5 30. Re3 Ra2 31. h4 Kb5 32. Kh2 Rc2 33. Kh3 Rf2 34. Kg3 Ra2 35. Re1 Kc4 36. Rd1 Kb5 37. Rd2 Ra7 38. Bf6 Ra6 39. Bg7 Ra7 40. Rb2+ Kc4 41. Bf6 Ra6 42. Be5 Ra3 43. Kf2 Kd3 44. Nd2 d4 45. cxd4 c4 46. Nb1 c3 47. Nxa3 cxb2 48. d5 Bxd5 49. Bxb2 Bc6 50. Be5 Ba4 51. Nb1 Bb5 52. Nc3 Bc6 53. Nd1 Ke4 54. Ne3 h6 55. Nc4 Kd5 56. Ne3+ Ke4 57. Bd6 Bb5 58. g3 Be8 59. Be7 Bf7 60. Nc2 Bd5 61. Bf6 Bc6 62. Nd4 Bd7 63. Nf3 Bc6 64. Ne5 Be8 65. Ke2 g5 66. hxg5 hxg5 67. Bxg5 Bb5+ 68. Kf2 Kd4 69. Bf6 Ke4 70. Ng6 Be8 71. Ne7 Bd7 72. Be5 Be6 73. Kg2 Ke3 74. Kh3 Kf3 75. Kh4 Bd7 76. Ng8 Ba4 77. Nf6 Bb3 78. Nh5 Bc2 79. Kg5 Bb1 80. Bf6 Bc2 81. Kg6 Kg4 82. Bh4 Bb1 83. Ng7 Kf3 84. Kf6 Kg4 85. Ke5 Bc2 86. Ne8 Kh5 87. Nd6 Kg6 88. Kd4 Bb1 89. Nc4 Bc2 90. Kc3 Bb1 91. Nd2 Ba2 92. Nb3 Bb1 93. Kb2 Be4 94. Nd2 Bd5 95. Kc3 Ba2 96. Kd4 Kh5 97. Nc4 Bb1 98. Ke5 Kg6 99. Ne3 Bd3 100. Be7 Bb1 101. g4 fxg4 102. Nxg4 Bf5 103. Ne3 Bh3 104. Bg5 Bc8 105. Nd5 Bh3 106. Ne7+ Kf7 107. f5 Bxf5 108. Kxf5 Ke8 109. Ke6 Kd8 110. Bf4 Ke8 111. Nc6 Kf8 112. Bh6+ Ke8 113. Bg5 Kf8 114. Nd8 Ke8 115. Nf7 Kf8 116. Nd6 Kg7 117. Kf5 Kf8 118. Kg6 Kg8 119. Bh6 Kh8 120. Ne8 1-0

[Event "Boffres"]
[Site "Boffres"]
[Date "2015.05.17"]
[Round "9"]
[White "Tempestini, Marc"]
[Black "Gattuso, Christophe"]
[Result "0-1"]
[WhiteElo "1790"]
[BlackElo "1859"]
[PlyCount "82"]
[EventDate "2015.05.08"]
[EventType "game"]
[EventRounds "9"]
[EventCountry "FRA"]
[SourceTitle "EXT 2016"]
[Source "ChessBase"]
[SourceDate "2015.10.08"]
[SourceVersion "1"]
[SourceVersionDate "2015.10.08"]
[SourceQuality "1"]

1. e4 c5 2. Nc3 Nc6 3. g3 g6 4. Bg2 Bg7 5. d3 d6 6. f4 e6 7. Nf3 Nge7 8. 0-0 0-0 9. Be3 Nd4 10. Qd2 Rb8 11. Rae1 b5 12. Nd1 b4 13. c3 bxc3 14. bxc3 Nxf3+ 15. Bxf3 Qa5 16. e5 dxe5 17. fxe5 Bb7 18. Bg5 Qc7 19. Bf6 Rbd8 20. Be4 Rd7 21. Bxg7 Kxg7 22. Qg5 Ng8 23. Nf2 Qd8 24. Qe3 Ba6 25. c4 Qc7 26. Ng4 h5 27. Nf6 Nxf6 28. exf6+ Kh7 29. Qg5 Rh8 30. Rf4 Qd6 31. Qxh5+ Kg8 32. Qg5 Qd4+ 33. Kg2 Qb2+ 34. Kf3 Bb7 35. Rh4 Rxd3+ 36. Kg4 Rxh4+ 37. Qxh4 Bxe4 38. Rxe4 Rd4 39. Kg5 Rxe4 40. Qxe4 Qxh2 41. g4 Kh7 0-1

[Event "Boffres"]
[Site "Boffres"]
[Date "2015.05.11"]
[Round "4"]
[White "Gattuso, Christophe"]
[Black "Biguet, Jean Claude"]
[Result "1-0"]
[WhiteElo "1859"]
[BlackElo "1755"]
[PlyCount "87"]
[EventDate "2015.05.08"]
[EventType "game"]
[EventRounds "9"]
[EventCountry "FRA"]
[SourceTitle "EXT 2016"]
[Source "ChessBase"]
[SourceDate "2015.10.08"]
[SourceVersion "1"]
[SourceVersionDate "2015.10.08"]
[SourceQuality "1"]

1. e4 c5 2. Nf3 e6 3. d4 cxd4 4. Nxd4 Nc6 5. Nc3 a6 6. Be3 Qc7 7. Bd3 Nf6 8. h3 Bc5 9. Nf5 Bxe3 10. Nxe3 0-0 11. 0-0 Ne7 12. Qf3 b6 13. e5 Bb7 14. Qg3 Nfd5 15. Ne4 Nxe3 16. Nf6+ Kh8 17. Qh4 h6 18. fxe3 Qxe5 19. Nh7 Qd5 20. Rf2 Nf5 21. Bxf5 exf5 22. Nxf8 Rxf8 23. Qf4 Re8 24. Qxf5 Qc6 25. Rd1 Re6 26. e4 Rf6 27. Qxd7 Qxe4 28. Qd2 Rxf2 29. Qxf2 f5 30. Re1 Qc6 31. Re2 Qd7 32. Rd2 Qc8 33. Qd4 Kh7 34. Qe5 Be4 35. c3 Qc6 36. Qd4 Qg6 37. Qd6 Qg5 38. Qd4 Qh4 39. Qf2 Qf6 40. Rd4 Qg5 41. Kh2 Qg6 42. Qg3 Qc6 43. Rd6 Qb5 44. Qg6+ 1-0

[Event "Boffres"]
[Site "Boffres"]
[Date "2015.05.08"]
[Round "3"]
[White "Violleau, Jean Claude"]
[Black "Gattuso, Christophe"]
[Result "0-1"]
[WhiteElo "1678"]
[BlackElo "1859"]
[PlyCount "128"]
[EventDate "2015.05.08"]
[EventType "game"]
[EventRounds "9"]
[EventCountry "FRA"]
[SourceTitle "EXT 2016"]
[Source "ChessBase"]
[SourceDate "2015.10.08"]
[SourceVersion "1"]
[SourceVersionDate "2015.10.08"]
[SourceQuality "1"]

1. e4 c5 2. Nf3 Nc6 3. d4 cxd4 4. Nxd4 Nf6 5. Nc3 e5 6. Nf3 Bb4 7. Bd3 d5 8. exd5 Nxd5 9. Be4 Be6 10. Bd2 Bxc3 11. Bxc3 Nxc3 12. Bxc6+ bxc6 13. Qxd8+ Rxd8 14. bxc3 f6 15. 0-0 Ke7 16. Rab1 Rd7 17. a3 Rhd8 18. h3 Bd5 19. Nh2 Be4 20. Rfc1 Rd2 21. Rb2 Rd1+ 22. Rxd1 Rxd1+ 23. Nf1 Kd6 24. f3 Bg6 25. Kf2 Kc7 26. Ne3 Ra1 27. Rb3 Ra2 28. g3 Bxc2 29. Nxc2 Rxc2+ 30. Ke3 f5 31. g4 f4+ 32. Ke4 Re2+ 33. Kf5 Re3 34. g5 Rxf3 35. Kxe5 Rxh3 36. Kxf4 a5 37. a4 Rh4+ 38. Kf5 Rxa4 39. g6 hxg6+ 40. Kxg6 Rg4+ 41. Kf5 Rg1 42. Kf4 Rc1 43. Ra3 Kb6 44. Kg5 Rg1+ 45. Kf4 Rb1 46. Ke4 Rb5 47. c4 Rb4 48. Kd4 Rb1 49. Rg3 Rd1+ 50. Kc3 Rd7 51. Rg5 Rb7 52. Rg1 Ka6 53. Rg6 Kb6 54. Rg1 Ra7 55. Kd4 a4 56. c5+ Kb5 57. Rb1+ Ka5 58. Ke5 Rd7 59. Kf5 a3 60. Rb8 Rd5+ 61. Kg6 Rxc5 62. Kxg7 Rb5 63. Re8 Ka4 64. Re6 a2 0-1